000 00267nam a2200109Ia 4500
008 231129s9999||||xx |||||||||||||| ||spa||
040 _bspa
082 _a639.37 M678mi
245 0 _aMis peces rojos : acuarios y estanques
264 _aGustavo Gili
942 _2ddc
_cBKS
999 _c21268
_d21268